| 000 | 00756nam a22001337a 4500 | ||
|---|---|---|---|
| 040 | _cRUA | ||
| 082 | _aVEM YAN 2014 B440 Or.1 | ||
| 100 | _aYAN CHHENGHOR ; យ៉ាន ឆេងហ័រ | ||
| 245 | _aStudy on prevalence and effectiveness of anthelmintic drug on gastro-intestinal parasites of goat at kampong cham province, សិក្សាពីកម្រិតរាលដាល និងប្រសិទ្ធភាពឱសថចំពោះបរាសិតក្នុងក្រពះពោះវៀនពពែ ខេត្តកំពង់ចាម | ||
| 260 |
_aPhnom Penh _bRUA _c2014 |
||
| 300 |
_aviii ;40p. _bill. _c29cm. |
||
| 856 | _uhttps://drive.google.com/file/d/1ZaPrPXewOOC6MkLMeVO8yRBthuY3qFsX/view?usp=sharing | ||
| 942 | _cVEM | ||
| 999 |
_c7177 _d7177 |
||